Drainage of asphalt pavement structures. (Record no. 1747)
[ view plain ]
| 000 -LEADER | |
|---|---|
| fixed length control field | 00378 a2200121 4500 |
| 082 ## - DEWEY DECIMAL CLASSIFICATION NUMBER | |
| Classification number | 665.5388 ASP |
| 245 ## - TITLE STATEMENT | |
| Title | Drainage of asphalt pavement structures. |
| 250 ## - EDITION STATEMENT | |
| Edition statement | Sept. 1984 ed. |
| 260 ## - PUBLICATION, DISTRIBUTION, ETC. | |
| Place of publication, distribution, etc. | [College Park, Md., USA] : |
| Name of publisher, distributor, etc. | Asphalt Institute, |
| Date of publication, distribution, etc. | c1984. |
| 300 ## - PHYSICAL DESCRIPTION | |
| Extent | ix, 118 p. : |
| Other physical details | ill. ; |
| Dimensions | 23 cm. |
| 650 ## - SUBJECT ADDED ENTRY--TOPICAL TERM | |
| Topical term or geographic name entry element | Pavements, Asphalt. |
| 650 ## - SUBJECT ADDED ENTRY--TOPICAL TERM | |
| Topical term or geographic name entry element | Road drainage. |
| 830 #0 - SERIES ADDED ENTRY--UNIFORM TITLE | |
| Uniform title | Manual series (Asphalt Institute) ; |
| Withdrawn status | Lost status | Damaged status | Not for loan | Permanent Location | Current Location | Shelving location | Date acquired | Total Checkouts | Full call number | Barcode | Date last seen | Price effective from | Koha item type |
|---|---|---|---|---|---|---|---|---|---|---|---|---|---|
| School of Civil and Environmental Engineering (SCEE) | School of Civil and Environmental Engineering (SCEE) | 665.5388 ASP | NIT-76 | 01/05/2017 | 01/05/2017 | Book | |||||||
| School of Civil and Environmental Engineering (SCEE) | School of Civil and Environmental Engineering (SCEE) | NIT-75 | 01/05/2017 | 01/05/2017 | Book |
